000 00553nam a2200193Ia 4500
003 IN-BaIIA
008 211028s9999 xx 000 0 eng d
040 _cIIA Library
080 _a532.5
_bMOD-II
245 0 _aModern development in fluid dynamics
_bvol. 2
_cedited by S. Goldstein
260 _aNew York
_bDover Publications
_c1965
300 _axi, 331-702p.
650 _aFluid dynamics
_91512
650 _aFluid mechanics
_91513
650 _aHydrodynamics
_91514
650 _aNASA thesaurus
700 _aGoldstein, S., ed.
_97043
942 _cBK
999 _c3973
_d3973